000 00676cam a2200205 a 4500
001 000007306
005 20200929154128.0
008 840514s1983 pr 000 0 spa
040 _aDO-SdBNP
_bspa
_cDLC
_dDLC
_dBNPHU
082 _a917.29
_bD542i
100 1 _aDíaz Montero, Anibal,
_d1911-
_920295
245 1 0 _aIslas del Caribe :
_bcrónicas /
_cAnibal Díaz Montero.
260 _aSanturce,(Puerto Rico) :
_bDiaz-Mont,
_c1983.
300 _a152 p. ;
_c21 cm.
651 4 _aAntillas
_xDescripción Y Viajes
_y1951
_920296
650 4 _aCrónicas cubanas
_y1951
_920297
650 4 _aCrónicas dominicanas
_y1951
_920298
910 _aCatalogación por copia / LC
049 _aBNGR
999 _c7087
_d7087